|
|
|
|
| LEADER |
02464nam a2200529 a 4500 |
| 001 |
nkc20102151070 |
| 003 |
CZ PrNK |
| 005 |
20200825152353.0 |
| 007 |
ta |
| 008 |
101207s2010 xr a g 000 p cze |
| 015 |
|
|
|a cnb002151070
|
| 020 |
|
|
|a 978-80-906770-0-5
|q (DANAL ;
|q v knize neuvedeno ;
|q brož.)
|z 978-80-85973-41-9
|
| 035 |
|
|
|a (OCoLC)697268085
|
| 040 |
|
|
|a ABA001
|b cze
|
| 041 |
1 |
|
|a cze
|h und
|
| 045 |
|
|
|a r-t-
|
| 072 |
|
7 |
|a 821
|x Literatura v různých jazycích
|2 Konspekt
|9 25
|
| 080 |
|
|
|a 821.8
|2 MRF
|
| 080 |
|
|
|a 821.134.2(72)-1
|2 MRF
|
| 080 |
|
|
|a 821.134.2(85)-1
|2 MRF
|
| 080 |
|
|
|a (0:82-1)
|2 MRF
|
| 080 |
|
|
|a (082.21)
|2 MRF
|
| 245 |
0 |
0 |
|a In xóchitl in cuícatl - květ a píseň :
|b miniantologie ze staré mexické a peruánské poezie /
|c [vybral, přeložil a úvodem opatřil] Oldřich Kašpar
|
| 246 |
3 |
0 |
|a Květ a píseň
|
| 260 |
|
|
|a Pardubice ;
|a Olomouc :
|b Stálá iberoamerikanistická konference katedry sociálních věd FF Univerzity Pardubice v nakl. Danal,
|c 2010
|
| 300 |
|
|
|a [48] s. :
|b il. ;
|c 21 cm
|
| 500 |
|
|
|a Vydáno u příležitosti literárního večera - Neuvadnou mé květy, neumlknou mé písně - pásmo ze staré mexické a peruánské poezie v překladech Oldřicha Kašpara, konaného dne 23. listopadu 2010 v historických prostorách pardubického zámku
|
| 504 |
|
|
|a Obsahuje bibliografie
|
| 648 |
|
7 |
|a 14.-16. století
|7 ch757045
|2 czenas
|
| 650 |
0 |
7 |
|a indiánské literatury
|7 ph217770
|y 14.-16. století
|2 czenas
|
| 650 |
0 |
9 |
|a Indian literature
|y 14th-16th centuries
|2 eczenas
|
| 655 |
|
7 |
|a mexická poezie
|7 fd132827
|2 czenas
|
| 655 |
|
7 |
|a peruánská poezie
|7 fd133022
|2 czenas
|
| 655 |
|
7 |
|a antologie
|7 fd131819
|2 czenas
|
| 655 |
|
9 |
|a Mexican poetry
|2 eczenas
|
| 655 |
|
9 |
|a Peruvian poetry
|2 eczenas
|
| 655 |
|
9 |
|a anthology
|2 eczenas
|
| 700 |
1 |
|
|a Kašpar, Oldřich,
|d 1952-
|7 jk01053198
|4 com
|4 trl
|4 wfw
|
| 710 |
2 |
|
|a Univerzita Pardubice.
|b Katedra sociálních věd.
|b Stálá iberoamerikanistická konference
|7 kn20101213004
|
| 856 |
4 |
1 |
|u http://www.digitalniknihovna.cz/mzk/uuid/uuid:3f970360-9452-11e7-ab16-005056827e52
|y Digitalizovaný dokument
|x NDK
|
| 910 |
2 |
|
|a BOA001
|b 2-1254.329
|
| 928 |
9 |
|
|a Danal
|
| 990 |
|
|
|a BK
|
| 995 |
|
|
|a 01
|
| 991 |
|
|
|b 201101
|e b
|
| 996 |
6 |
|
|b 2610456236
|c 2-1254.329
|l MZK
|r Sklad / do 1 hodiny
|n 0
|p p.v.
|w 001161003
|u 000010
|a 1
|e BOA001
|j MZK50
|s P
|
| 996 |
7 |
|
|b 2610456237
|c 2-1254.329
|l MZK
|r Sklad / do 1 hodiny
|n 0
|p p.v.
|w 001161003
|u 000020
|a 1
|e BOA001
|j MZK50
|s A
|